Sharḥ al-Talwīḥāt al-lawḥiyya wal-ʿarshiyya. Volume 3 : al-Ilāhiyyāt /
Shihāb al-Dīn al-Suhrawardī (d. 587/1191) is arguably the most influential thinker in post-Avicennan (d. 428/1037) philosophy. He is best known as the originator of the Philosophy of Illumination, a mixture of Hellenistic, old-Iranian, and mystico-Islamic elements, further developed and transformed...
المؤلف الرئيسي:
مؤلفون آخرون:
التنسيق: كتاب الكتروني
اللغة:
English
Persian
منشور في:
Leiden; Boston :
BRILL,
[2019]
سلاسل:
Miras Maktoob, ISBN: 9789004365452.
الموضوعات:
الوصول للمادة أونلاين: Login to view Source
الوسوم: إضافة وسم
رقم الطلب: B753.S8
| LEADER | 03351nam a22005411i 4500 | ||
|---|---|---|---|
| 001 | BRILL9789004405080 | ||
| 003 | nllekb | ||
| 005 | 20211118221622.0 | ||
| 006 | m d | ||
| 007 | cr un uuuua | ||
| 008 | 200305t20192012ne sb 001 0 eng d | ||
| 020 | |a 9789004405080 |q (electronic book) | ||
| 020 | |a 9789648700718 |q (print) | ||
| 024 | 7 | |a 10.1163/9789004405080 |2 DOI | |
| 035 | |z (OCoLC)1154086261 | ||
| 040 | |a NL-LeKB |c NL-LeKB |e rda | ||
| 041 | 0 | |a per |b eng | |
| 050 | 4 | |a B753.S8 | |
| 072 | 7 | |a HBJF1 |2 bicssc | |
| 072 | 7 | |a HIS |x 003000 |2 bisacsh | |
| 072 | 7 | |a HIS |x 026000 |2 bisacsh | |
| 082 | 0 | 4 | |a 909.097671 |2 23 |
| 100 | 1 | |6 880-01 |a Kammūna, Ibn, |e author. | |
| 880 | 1 | |6 100-01/(3/r |a منصور ، ابن کمونا عزالدین سعد بن, |e author. | |
| 245 | 1 | 0 | |6 880-02 |a Sharḥ al-Talwīḥāt al-lawḥiyya wal-ʿarshiyya. Volume 3 : |b al-Ilāhiyyāt / |c by Ibn Kammūna ; (Edited by) Najaf-Qulī Ḥabībī. |
| 880 | 1 | 0 | |6 245-02/(3/r |a شرح التلویحات اللوحیه و العرشیه ج 3 الالهیات / |c by ابن کمّونه عزالدین سعد بن منصور ; (Edited by) نجفقلی حبیبی. |
| 246 | 3 | |a al-Ilāhiyyāt | |
| 264 | 1 | |a Leiden; |a Boston : |b BRILL, |c [2019] | |
| 264 | 4 | |c ©2012 | |
| 300 | |a 1 online resource. | ||
| 336 | |a text |b txt |2 rdacontent | ||
| 337 | |a computer |b c |2 rdamedia | ||
| 338 | |a online resource |2 rdacarrier | ||
| 490 | 1 | |a Miras Maktoob, ISBN: 9789004365452 | |
| 520 | |a Shihāb al-Dīn al-Suhrawardī (d. 587/1191) is arguably the most influential thinker in post-Avicennan (d. 428/1037) philosophy. He is best known as the originator of the Philosophy of Illumination, a mixture of Hellenistic, old-Iranian, and mystico-Islamic elements, further developed and transformed in the Transcendental Philosophy of Mullā Ṣadrā (d. 1050/1640). Suhrawardī wrote four major works on the Philosophy of Illunination: al-Talwīḥāt al-lawḥiyya wal-ʿarshiyya , al-Muqāwamāt, al-Mashāriʿ wal-muṭāraḥāt , and the Ḥikmat al-ishrāq . This was also the order in which these works had to be studied. The Talwīḥāt being an introductory course on the Philosophy of Illumination, it is not surprising that three commentaries on it were written, by ʿAllāma Ḥillī (d. 726/1326), Shams al-Dīn al-Shahrazūri (d. 687/1288), and Ibn Kammūna (d. 683/1284), whose commentary is published here. Ibn Kammūna was a thinker of Jewish origin who by his own declaration was self-taught in philosophy. He wrote several other important philosophical works, among them his commentary of Avicenna's Ishārāt . Volume 3, Metaphysics. | ||
| 546 | |a Persian. | ||
| 588 | |a Description based on print version record. | ||
| 650 | 0 | |a Islamic philosophy. | |
| 650 | 0 | |a Mysticism |x Islam. | |
| 650 | 0 | |a Sufism. | |
| 700 | 1 | |6 880-03 |a Ḥabībī, Najaf-Qulī, |e editor. | |
| 880 | 1 | |6 700-03/(3/r |a حبیبی ، نجفقلی, |e editor. | |
| 776 | 0 | 8 | |i Print version: |t Sharḥ al-Talwīḥāt al-lawḥiyya wal-ʿarshiyya. Volume 3 : al-Ilāhiyyāt. |d Leiden ; Boston : BRILL, 2019 |z 9789648700718 |
| 830 | 0 | |a Miras Maktoob, ISBN: 9789004365452. | |
| 856 | 4 | |z DOI: |u http://dx.doi.org/10.1163/9789004405080 | |
| 942 | |2 lcc |c EBOOK | ||
| 952 | |0 0 |1 0 |2 lcc |4 0 |7 1 |9 22476 |a BRILL |b BRILL |d 2021-11-18 |l 0 |r 2021-11-18 00:00:00 |w 2021-11-18 |y EBOOK | ||
| 999 | |c 39950 |d 39950 | ||
